000 00579nam a2200229Ia 4500
999 _c93800
_d93800
003 0100
005 20190228141411.0
008 130307s9999 xx 000 0 und d
020 _a019512992X
040 _cARRUPELIB
050 _aHN17.5.H42 2001
100 _aHeiner, Robert
_944907
245 _aSocial problems
_ban introduction to critical construction
_cRobert Heiner
250 _a2nd. ed.
260 _aNew York
_bOxford University Press
_c2002
300 _aix, 205p. ;
_c24cm.
650 _aSocial problems
_96331
650 _bSocial problems
_zUnited States
_944908
651 _aUnited States
_xSocial conditions
_913124
942 0 0 _01
_2lcc
_cMONOGRAPH